| 000 | 00998cam a2200265 a 4500 | ||
|---|---|---|---|
| 020 | _a906191907X | ||
| 082 |
_a622.338 _bAKR _cD |
||
| 100 | 1 |
_aAkramkhodzhaev, A. M. _942097 |
|
| 245 | 1 | 0 |
_aGeology and exploration of oil- and gas-bearing ancient deltas / _cA.M. Akramkhodzhaev, V.A. Babadagly, A.D. Dzhumagulov. |
| 260 |
_aRotterdam : _bA.A. Balkema, _c1989. |
||
| 300 |
_aviii, 207 p. : _bill. ; _c25 cm. |
||
| 490 | 1 | _aRussian translations series ; | |
| 500 | _aTranslation of: Geologiya i metody izucheniya neftegazonosnosti' drevnikh del't. | ||
| 526 |
_a0 _b0 _c0 _d622_338000000000000_AKR |
||
| 650 | 0 |
_aDeltas _zSoviet Union. _942098 |
|
| 650 | 0 |
_aDeltas. _942099 |
|
| 650 | 0 |
_aMCE _9379 |
|
| 650 | 0 |
_aNatural gas _xGeology _zSoviet Union. _942100 |
|
| 650 | 0 |
_aNatural gas _xGeology. _942037 |
|
| 650 | 0 |
_aPetroleum _xGeology _zSoviet Union. _942101 |
|
| 650 | 0 |
_aPetroleum _xGeology. _942038 |
|
| 700 | 1 |
_aBabadagly, V. A. _942102 |
|
| 700 | 1 |
_aDzhumagulov, A. D. _942103 |
|
| 942 |
_2ddc _cBK |
||
| 999 |
_c546067 _d546067 |
||